000 01004nam a2200301 i 4500
001 bg
003 BPK
005 20230207124039.0
008 000320s1980 pl a f |000 0 pol
015 _aPB 1980/9174
020 _a8302006505
040 _aWA N
_cBPK
080 _a628.1/.2
080 _a696
080 _a(075.3)
100 1 _aHeidrich, Zbigniew
_eAutor
245 1 0 _aWodociągi i kanalizacja.
_nCz. 1 /
_cZbigniew Heidrich, Marek Roman, Jan Tabernacki.
260 _aWarszawa :
_bWydawnictwa Szkolne i Pedagogiczne,
_c1980.
300 _a349 s. :
_bil., wykr. ;
_c21 cm.
655 4 _aPodręczniki dla szkół zawodowych
650 4 _aKanalizacja
650 4 _aWodociąg
710 2 _aWydawnictwa Szkolne i Pedagogiczne.
_4pbl.
700 1 _aTabernacki, Jan
_eAutor
700 1 _aRoman, Marek
_d(1931-2003)
_eAutor
856 _uhttp://koha.tu.koszalin.pl/cgi-bin/koha/opac-detail.pl?biblionumber=2127
_yKatalog online BPK
942 _2UKD
_cKS
999 _c2127
_d2127